000 00352 a2200157 4500
001 15481
020 _a978851607296
040 _cAnchieta - Bela Vista
100 _aBandeira, Pedro
240 1 0 _aA mentira cabeluda
_lpor
245 1 0 _aA mentira cabeluda
300 _a23 p.
362 0 _a2012
650 4 _aLiteratura infanto-juvenil
942 _cBK
999 _c15481
_d15481